Order the Countries #3 - Independence Date - Statistics

General Stats
  • This quiz has been taken 90 times
  • The average score is 4 of 15
Answer Stats
Hint Answer % Correct
2011 South Sudan
93%
2006 Montenegro
70%
1993 Eritrea
53%
1776 United States
39%
1990 Latvia
35%
1980 Zimbabwe
23%
1971 Bangladesh
21%
1947 India
11%
1961 Tanzania
5%
1923 Turkey
5%
1816 Argentina
2%
1931 Canada
2%
1944 France
2%
1910 South Africa
2%
1838 Honduras
0%
No matching quizzes found
Score Distribution
Percent of People with Each Score
Percentile by Number Answered
Your Score History
You have not taken this quiz